000 00634nam a2200217 a 4500
005 20140310183449.0
008 081222s19uu xx 00 eng d
020 _a9780073195582
050 _aHD 30.2
_b.B357 2008
100 _aBaltzan, Paige
245 _aBusiness driven information systems /
_cPaige Baltzan
260 _aBoston :
_bMcGraw-Hill Irwin,
_c2008.
300 _a489 p. :
_bill. col. ;
_c27 cm.
521 _aBSBA
650 _aBSBA.
650 _aIndustrial management
_xData processing.
650 _aInformation technology
_xManagement.
700 _aPhillips, Amy
942 _cBK
_2lcc
_kFOR
999 _c23319
_d23319